| 000 | 00672nam a22002057a 4500 | ||
|---|---|---|---|
| 999 |
_c1119 _d1119 |
||
| 003 | AR-CdUCM | ||
| 008 | 190226b ||||| |||| 00| 0 esp d | ||
| 040 |
_aMUNICIPALIDAD PROVINCIAL DEL CUSCO _cBIBLIOTECA MUNICIPAL DEL CUSCO |
||
| 082 |
_a974 / _bG25 |
||
| 100 |
_aMa, Angel _94379 |
||
| 245 | _aTeogonía e historia de los mexicanos / | ||
| 260 |
_aMexico : _bEditorial Porrua, S.A, _c1965 |
||
| 300 |
_a159 paginas ; _c22 cm. |
||
| 505 | _aComo fue hecho el sol -- Del principio y venida -- Historia de México ... | ||
| 650 |
_aQuetzalcoatl. _94380 |
||
| 650 |
_aTeogonía. _94381 |
||
| 700 |
_aK, Garibay _94382 |
||
| 942 |
_2ddc _cLIBROS |
||
| 945 |
_aacrt _d2016-02-26 |
||